Shakespearean cultures : Latin America and the challenges of mimesis in non-hegemonic circumstances /
"Shakespearean Cultures proposes a new theoretical framework that, based upon the concepts of "poetics of emulation" and "deauratized art," offers a groundbreaking approach to the understanding of the asymmetries of the world-system, triggered by the emergence of the modern...
| Clasificación: | Libro Electrónico |
|---|---|
| Autor principal: | |
| Otros Autores: | |
| Formato: | Electrónico eBook |
| Idioma: | Inglés Portugués |
| Publicado: |
East Lansing :
Michigan State University Press,
2019.
|
| Colección: | Studies in violence, mimesis, and culture.
|
| Temas: | |
| Acceso en línea: | Texto completo |
MARC
| LEADER | 00000cam a2200000 i 4500 | ||
|---|---|---|---|
| 001 | JSTOR_on1083523930 | ||
| 003 | OCoLC | ||
| 005 | 20231005004200.0 | ||
| 006 | m o d | ||
| 007 | cr cnu|||||||| | ||
| 008 | 190128s2019 miu ob s001 0 eng | ||
| 040 | |a LGG |b eng |e rda |e pn |c LGG |d YDX |d YDXIT |d JSTOR |d UAB |d OCLCQ |d OCLCO |d N$T |d OCLCQ |d UKAHL |d OCLCO |d OCLCQ |d OCLCO | ||
| 019 | |a 1083355642 | ||
| 020 | |a 1609175921 |q (electronic book) | ||
| 020 | |a 9781609175924 |q (electronic bk.) | ||
| 020 | |z 9781611863130 | ||
| 020 | |z 1611863139 | ||
| 020 | |z 9781628953589 | ||
| 020 | |z 1628953586 | ||
| 020 | |z 9781628963595 | ||
| 020 | |z 162896359X | ||
| 029 | 1 | |a AU@ |b 000065044290 | |
| 029 | 1 | |a AU@ |b 000065220663 | |
| 035 | |a (OCoLC)1083523930 |z (OCoLC)1083355642 | ||
| 037 | |a 22573/ctvbcwmpb |b JSTOR | ||
| 041 | 1 | |a eng |h por | |
| 043 | |a cl----- | ||
| 050 | 4 | |a PN56.M536 |b R63313 2019 | |
| 072 | 7 | |a LIT |x 000000 |2 bisacsh | |
| 072 | 7 | |a LIT |x 015000 |2 bisacsh | |
| 082 | 0 | 4 | |a 801 |2 23 |
| 049 | |a UAMI | ||
| 100 | 1 | |a Rocha, João Cezar de Castro, |e author. | |
| 240 | 1 | 0 | |a Culturas shakespearianas. |l English |
| 245 | 1 | 0 | |a Shakespearean cultures : |b Latin America and the challenges of mimesis in non-hegemonic circumstances / |c Joao Cezar de Castro Rocha ; translated by Flora Thomson-DeVeaux. |
| 246 | 3 | 0 | |a Mimetic theory and the challenges of mimesis in non-hegemonic circumstances |
| 264 | 1 | |a East Lansing : |b Michigan State University Press, |c 2019. | |
| 300 | |a 1 online resource | ||
| 336 | |a text |b txt |2 rdacontent | ||
| 337 | |a computer |b c |2 rdamedia | ||
| 338 | |a online resource |b cr |2 rdacarrier | ||
| 490 | 1 | |a Studies in violence, mimesis, and culture | |
| 504 | |a Includes bibliographical references and index. | ||
| 520 | |a "Shakespearean Cultures proposes a new theoretical framework that, based upon the concepts of "poetics of emulation" and "deauratized art," offers a groundbreaking approach to the understanding of the asymmetries of the world-system, triggered by the emergence of the modern world"-- |c Provided by publisher | ||
| 505 | 0 | |a Preliminary note : An ongoing project -- Introduction: A two-way street -- Mimetic theory: basic concepts -- Latin American cultural history and mimetic theory -- Being ab alio -- Poetics of emulation -- Violence and mimetic theory -- Barefaced? -- Conclusion: The other one held out his hand. | |
| 588 | 0 | |a Print version record. | |
| 590 | |a JSTOR |b Books at JSTOR Demand Driven Acquisitions (DDA) | ||
| 590 | |a JSTOR |b Books at JSTOR Evidence Based Acquisitions | ||
| 590 | |a JSTOR |b Books at JSTOR All Purchased | ||
| 600 | 1 | 0 | |a Girard, René, |d 1923-2015 |x Aesthetics. |
| 600 | 1 | 0 | |a Shakespeare, William, |d 1564-1616 |x Criticism and interpretation. |
| 600 | 1 | 7 | |a Girard, René, |d 1923-2015 |2 fast |
| 600 | 1 | 7 | |a Shakespeare, William, |d 1564-1616 |2 fast |
| 650 | 0 | |a Imitation in literature. | |
| 651 | 0 | |a Latin America |x Civilization |x European influences. | |
| 650 | 6 | |a Imitation (Littérature) | |
| 650 | 7 | |a LITERARY CRITICISM |x General. |2 bisacsh | |
| 650 | 7 | |a Aesthetics |2 fast | |
| 650 | 7 | |a Civilization |x European influences |2 fast | |
| 650 | 7 | |a Imitation in literature |2 fast | |
| 651 | 7 | |a Latin America |2 fast | |
| 655 | 7 | |a Criticism, interpretation, etc. |2 fast | |
| 700 | 1 | |a Thomson-DeVeaux, Flora, |e translator. | |
| 776 | 0 | 8 | |i Print version: |a Rocha, João Cezar de Castro. |s Culturas shakespearianas. English. |t Shakespearean cultures. |d East Lansing : Michigan State University Press, 2019 |z 9781611863130 |w (DLC) 2018020109 |w (OCoLC)1041209801 |
| 830 | 0 | |a Studies in violence, mimesis, and culture. | |
| 856 | 4 | 0 | |u https://jstor.uam.elogim.com/stable/10.14321/j.ctvbcd1nf |z Texto completo |
| 938 | |a Askews and Holts Library Services |b ASKH |n AH39852420 | ||
| 938 | |a EBSCOhost |b EBSC |n 1991365 | ||
| 938 | |a Project MUSE |b MUSE |n muse73057 | ||
| 938 | |a YBP Library Services |b YANK |n 15997011 | ||
| 994 | |a 92 |b IZTAP | ||


